| 000 | 00338cam a22001097a 4500 | ||
|---|---|---|---|
| 008 | 180718b1989 xxu||||| |||| 00| 0 eng d | ||
| 100 | _aJain, R.B. | ||
| 245 |
_aBharatiya samaj adhikarik aur sushan _cby R.B. Jain |
||
| 260 |
_aDelhi _bHindi Madhyam Karyanvyan Nedeshalaya _c1989 |
||
| 300 | _a159p. | ||
| 650 | _aIndian society-good governance | ||
| 999 |
_c501916 _d501916 |
||